| 000 | 01130nam a22002534a 4500 | ||
|---|---|---|---|
| 001 | UTEA | ||
| 005 | 20251006150445.0 | ||
| 006 | g||||gr||||||01 nz | ||
| 007 | ta | ||
| 008 | 251006b es ||||| |||| 00| 0 spa d | ||
| 020 | _a9783844339376 | ||
| 040 | _aUTEA | ||
| 041 | _aspa | ||
| 082 |
_a629.892 _bG26 2011 |
||
| 100 |
_aGaribaldi Julia _eautor |
||
| 245 |
_aModelado, análisis y diseño del sistema de control de un robot gantry : _bTesis de grado de ingenieria informática / _cJulia Garibaldi _h[Texto Impreso] |
||
| 250 | _a1ra edición | ||
| 260 |
_aEspaña; _bEditorial academiaespañola; _c2011 |
||
| 300 |
_a290 páginas; _bfiguras; _c14 x 24 cm. |
||
| 505 | _aIntroducción -- Conceptos de robotice -- Introducción a los sistemas de control --Estándares abiertos para sistema de control -- Sistemas operativos y sistemas de tiempo real -- Diseño del sistema -- Conclusiones y trabajo futuro -- Específicamente de requerimientos del sistema. | ||
| 650 |
_aMODELADO Y ANALISIS DEL SISTEMA _959638 |
||
| 650 |
_aCONTROL DE UN ROBOT _959639 |
||
| 942 |
_2ddc _cBK _e2025-10-06 _zCirila Celinda Molina Chirinos |
||
| 999 |
_c17423 _d17423 |
||